Aktuálne bezpečnostné hrozby a riziká v bezpečnostnom prostredí Európskej únie bakalárska práca

Guardado en:
Detalles Bibliográficos
Autor principal: Škvarna, Milan
Autor Corporativo: Fakulta medzinárodných vzťahov EU. Katedra medzinárodných politických vzťahov
Otros Autores: Adašková, Daša
Formato: Libro
Lenguaje:eslovaco
Publicado: Bratislava 2014
Etiquetas: Agregar Etiqueta
Sin Etiquetas, Sea el primero en etiquetar este registro!

MARC

LEADER 00000nbm a2200000 4500
001 0187751
005 20170201090923.1
041 0 |a slo 
044 |a SK 
245 1 0 |a Aktuálne bezpečnostné hrozby a riziká v bezpečnostnom prostredí Európskej únie  |b bakalárska práca  |c Milan Škvarna ; školiteľ: Daša Adašková 
264 1 |a Bratislava  |c 2014 
300 |a 53 s. 
100 1 |a Škvarna, Milan 
700 1 |a Adašková, Daša 
710 2 |a Fakulta medzinárodných vzťahov EU. Katedra medzinárodných politických vzťahov